[Event "Bad Woerishofen op 23th"]
[Site "Bad Woerishofen"]
[Date "2007.03.12"]
[Round "5"]
[White "Schmitzer, Peter"]
[Black "Braun, Peter"]
[Result "0-1"]
[WhiteElo "2113"]
[BlackElo "2275"]
[PlyCount "96"]
[EventDate "2007.03.08"]
[EventType "swiss"]
[EventRounds "9"]
[EventCountry "GER"]
[SourceTitle "EXT 2008"]
[Source "ChessBase"]
[SourceDate "2007.11.25"]
[SourceVersion "1"]
[SourceVersionDate "2007.11.25"]
[SourceQuality "1"]

1. d4 d5 2. Nf3 e6 3. Bf4 c5 4. e3 Nc6 5. a3 Nf6 6. Be2 Be7 7. Nc3 0-0 8. dxc5 Bxc5 9. 0-0 b6 10. Nb5 Bb7 11. Nfd4 Qd7 12. Nxc6 Bxc6 13. Nd4 Bb7 14. g4 Bd6 15. Bxd6 Qxd6 16. Bd3 g6 17. g5 Nd7 18. f4 e5 19. Nb5 Qc5 20. Qd2 exf4 21. Rxf4 d4 22. Nxd4 Qxg5+ 23. Kf2 Qg2+ 24. Ke1 Qg1+ 25. Rf1 Qg4 26. Qf2 Rae8 27. Kd2 Nc5 28. Rae1 Re7 29. Qf6 Qd7 30. Kc1 Be4 31. Bb5 Qc7 32. Rf2 a6 33. Bf1 b5 34. b3 Ne6 35. Kb2 Rc8 36. c4 Nc5 37. Rd2 bxc4 38. bxc4 Qa5 39. Red1 Na4+ 40. Ka1 Qc3+ 41. Ka2 Rb7 42. Qf2 Rcb8 43. Nb5 axb5 44. cxb5 Qe5 45. Rd8+ Rxd8 46. Rxd8+ Kg7 47. Kb3 Qc3+ 48. Ka2 Bc2 0-1

[Event "Munich-ch VM2"]
[Site "Munich"]
[Date "2006.02.11"]
[Round "8"]
[White "Schaffranietz, Horst"]
[Black "Schmitzer, Peter"]
[Result "0-1"]
[WhiteElo "1964"]
[BlackElo "2115"]
[PlyCount "114"]
[EventDate "2006.01.20"]
[EventType "tourn"]
[EventRounds "9"]
[EventCountry "GER"]
[SourceTitle "EXT 2007"]
[Source "ChessBase"]
[SourceDate "2006.11.23"]
[SourceVersion "1"]
[SourceVersionDate "2006.11.23"]
[SourceQuality "1"]

1. e4 d6 2. d4 Nf6 3. Nc3 g6 4. f4 Bg7 5. Nf3 0-0 6. Be2 c6 7. Be3 Qc7 8. h3 b5 9. a3 Nbd7 10. g4 e5 11. g5 Nh5 12. fxe5 dxe5 13. d5 Ng3 14. Rg1 Nxe2 15. Qxe2 Bb7 16. 0-0-0 Qa5 17. Kb1 Nb6 18. Bc5 Rfc8 19. d6 Nd7 20. Qe3 Qd8 21. h4 a5 22. h5 Ra6 23. hxg6 hxg6 24. Rh1 Rca8 25. Ne2 a4 26. Nc1 b4 27. axb4 a3 28. b3 a2+ 29. Ka1 Nxc5 30. bxc5 Qa5 31. c3 Qa3 32. Rh2 Ra5 33. b4 Ra4 34. Re2 f6 35. Qd2 Ba6 36. Rg2 f5 37. exf5 gxf5 38. g6 Bc4 39. Rh1 Bd5 40. Rgh2 R4a7 41. Rh8+ Bxh8 42. Rxh8+ Kxh8 43. Nxe5 Kg7 44. Ncd3 Rh8 45. Nf2 Rh2 46. Ned3 Qb3 47. Nb2 Rg2 48. c4 Rg1+ 49. Nfd1 Rxd1+ 50. Qxd1 Qxd1+ 51. Nxd1 Bxc4 52. Ne3 Be6 53. b5 cxb5 54. c6 f4 55. Nd5 f3 56. c7 f2 57. Ne3 Ra6 0-1

[Event "Munich-ch VM2"]
[Site "Munich"]
[Date "2006.02.05"]
[Round "6"]
[White "Sakkal, Cherin"]
[Black "Schmitzer, Peter"]
[Result "0-1"]
[WhiteElo "2037"]
[BlackElo "2115"]
[PlyCount "74"]
[EventDate "2006.01.20"]
[EventType "tourn"]
[EventRounds "9"]
[EventCountry "GER"]
[SourceTitle "EXT 2007"]
[Source "ChessBase"]
[SourceDate "2006.11.23"]
[SourceVersion "1"]
[SourceVersionDate "2006.11.23"]
[SourceQuality "1"]

1. e4 d6 2. d4 Nf6 3. Nc3 g6 4. Bc4 Bg7 5. Qe2 e5 6. dxe5 dxe5 7. Nf3 Qe7 8. Bg5 c6 9. 0-0-0 b5 10. Bxb5 0-0 11. Bc4 Nbd7 12. h4 h6 13. Bxf6 Nxf6 14. Nd2 a5 15. f3 Nh5 16. Qe3 Nf4 17. g3 Ne6 18. h5 g5 19. a3 Rd8 20. Rhg1 Kh8 21. Na4 Rb8 22. Nb3 Nd4 23. Nbc5 Bf8 24. Rd2 Qa7 25. c3 Bxc5 26. Nxc5 Qxc5 27. cxd4 Qxc4+ 28. Rc2 Qxd4 29. Qxd4 Rxd4 30. Rxc6 Be6 31. Rc5 Rc8 32. Rxc8+ Bxc8 33. Kc2 Be6 34. Kc3 a4 35. Rg2 Kg7 36. Rd2 Rxd2 37. Kxd2 Bb3 0-1

[Event "Nittenau-ch 5th"]
[Site "Nittenau"]
[Date "2005.09.01"]
[Round "1"]
[White "Hoelter, Mike"]
[Black "Schmitzer, Peter"]
[Result "0-1"]
[WhiteElo "1584"]
[BlackElo "1974"]
[PlyCount "44"]
[EventDate "2005.09.01"]
[EventType "swiss"]
[EventRounds "7"]
[EventCountry "GER"]
[SourceTitle "EXT 2008"]
[Source "ChessBase"]
[SourceDate "2007.11.25"]
[SourceVersion "1"]
[SourceVersionDate "2007.11.25"]
[SourceQuality "1"]

1. d4 Nf6 2. f4 d6 3. Nf3 g6 4. e3 Bg7 5. Bd3 0-0 6. Nbd2 Nc6 7. 0-0 e5 8. fxe5 dxe5 9. Nxe5 Nxe5 10. dxe5 Ng4 11. Nf3 Nxe5 12. Nxe5 Bxe5 13. Qf3 Be6 14. e4 Qd6 15. Bf4 Qb6+ 16. Kh1 Bxb2 17. Rfb1 Qd4 18. Rxb2 Qxb2 19. Rf1 c5 20. Bd6 c4 21. Be2 Rfe8 22. e5 Qxc2 0-1